[Event "West Bromwich 4NCL op-A 9th"]
[Site "West Bromwich"]
[Date "2016.07.09"]
[Round "3"]
[White "Paterson, Andrew I"]
[Black "Okhai, Shabir"]
[Result "0-1"]
[WhiteElo "2015"]
[BlackElo "2082"]
[PlyCount "48"]
[EventDate "2016.07.08"]
[EventType "swiss"]
[EventRounds "5"]
[EventCountry "ENG"]
[SourceTitle "CBM 173 Extra"]
[Source "ChessBase"]
[SourceDate "2016.08.29"]
[SourceVersion "1"]
[SourceVersionDate "2016.08.29"]
[SourceQuality "1"]

1. f4 Nf6 2. Nf3 c5 3. b3 e6 4. Bb2 b6 5. e3 Bb7 6. Be2 Nc6 7. 0-0 Be7 8. d3 d5 9. Nbd2 Ng4 10. Qc1 Nxe3 11. Re1 Nb4 12. Bd1 d4 13. Nc4 Nf5 14. Qd2 Rg8 15. g4 Nh4 16. Nxh4 Bxh4 17. Re5 Bf6 18. Rh5 g6 19. Rxh7 Qd5 20. Qe2 0-0-0 21. Qe4 Qd7 22. Ne5 Bxe5 23. Qxe5 Qc6 24. Rxf7 Qg2# 0-1

[Event "Crawley e2e4 Gatwick Whitsun op"]
[Site "Crawley"]
[Date "2016.05.30"]
[Round "7"]
[White "Miller, Dominic"]
[Black "Paterson, Andrew I"]
[Result "0-1"]
[WhiteElo "1765"]
[BlackElo "2016"]
[PlyCount "82"]
[EventDate "2016.05.27"]
[EventType "swiss"]
[EventRounds "7"]
[EventCountry "ENG"]
[SourceTitle "EXT 2017"]
[Source "ChessBase"]
[SourceDate "2016.10.25"]
[SourceVersion "1"]
[SourceVersionDate "2016.10.25"]
[SourceQuality "1"]

1. e4 c5 2. Nf3 Nc6 3. d4 cxd4 4. Nxd4 e5 5. Nb5 d6 6. N1c3 a6 7. Na3 Be7 8. Nd5 Nf6 9. Nxe7 Nxe7 10. Bd3 d5 11. exd5 Nexd5 12. 0-0 0-0 13. Bg5 h6 14. Bh4 b5 15. Re1 Re8 16. c4 Nf4 17. Bf1 Qb6 18. cxb5 Bg4 19. Qb3 Be6 20. Qe3 Qb7 21. Bxf6 gxf6 22. f3 axb5 23. Nxb5 Red8 24. a4 Kg7 25. Rec1 Bf5 26. Rc7 Qb8 27. Bc4 Bd3 28. Qc5 Bxc4 29. Qxc4 Qb6+ 30. Kh1 Rd5 31. Rf1 Rad8 32. g3 Ne6 33. Rc6 Qb7 34. b3 Rd1 35. Rxd1 Rxd1+ 36. Kg2 Qd7 37. Rc8 Qd2+ 38. Kh3 Ng5+ 39. Kg4 Qd7+ 40. Qe6 Qxe6+ 41. Kh5 Qh3# 0-1

[Event "Crawley e2e4 Gatwick Whitsun op"]
[Site "Crawley"]
[Date "2016.05.29"]
[Round "4"]
[White "Paterson, Andrew I"]
[Black "Page, Roy D"]
[Result "0-1"]
[WhiteElo "2016"]
[BlackElo "1914"]
[PlyCount "78"]
[EventDate "2016.05.27"]
[EventType "swiss"]
[EventRounds "7"]
[EventCountry "ENG"]
[SourceTitle "CBM 172 Extra"]
[Source "ChessBase"]
[SourceDate "2016.06.21"]
[SourceVersion "1"]
[SourceVersionDate "2016.06.21"]
[SourceQuality "1"]

1. c4 e6 2. Nf3 Nf6 3. d4 b6 4. g3 Ba6 5. Qc2 c5 6. Bg2 Bb7 7. 0-0 cxd4 8. Nxd4 Bxg2 9. Kxg2 d6 10. Nc3 Be7 11. e4 Qc7 12. Qe2 0-0 13. Be3 Nc6 14. Rad1 a6 15. f3 Nd7 16. b3 Nc5 17. Qf2 Nxd4 18. Bxd4 Qc6 19. Rfe1 b5 20. e5 dxe5 21. cxb5 axb5 22. Rxe5 Rfc8 23. b4 Nd7 24. Rxb5 Bf6 25. Bxf6 gxf6 26. Rd3 Ne5 27. Re3 Ng4 28. Rc5 Nxf2 29. Rxc6 Rxc6 30. Kxf2 Ra3 31. Ne2 Rxa2 32. f4 Rcc2 33. Kf3 Rab2 34. b5 f5 35. h4 h5 36. Re5 Kf8 37. Nd4 Rc4 38. Ne2 Re4 39. Nc3 Rxe5 0-1

[Event "Crawley e2e4 Gatwick Whitsun op"]
[Site "Crawley"]
[Date "2016.05.28"]
[Round "3"]
[White "Sarakauskas, Gediminas"]
[Black "Paterson, Andrew I"]
[Result "1-0"]
[WhiteElo "2416"]
[BlackElo "2016"]
[PlyCount "45"]
[EventDate "2016.05.27"]
[EventType "swiss"]
[EventRounds "7"]
[EventCountry "ENG"]
[SourceTitle "CBM 172 Extra"]
[Source "ChessBase"]
[SourceDate "2016.06.21"]
[SourceVersion "1"]
[SourceVersionDate "2016.06.21"]
[SourceQuality "1"]

1. d4 f5 2. g3 Nf6 3. Bg2 e6 4. c4 Be7 5. Nc3 0-0 6. Nh3 d6 7. 0-0 e5 8. dxe5 dxe5 9. e4 Nc6 10. exf5 Nd4 11. g4 Nxg4 12. Qxg4 Bxf5 13. Qg3 Bh4 14. Bg5 Bxg3 15. Bxd8 Bxh2+ 16. Kxh2 Raxd8 17. Rae1 Bd3 18. Rg1 Bxc4 19. Rxe5 Be6 20. Ng5 Bg4 21. Bd5+ Rxd5 22. Rxd5 Rxf2+ 23. Kg3 1-0

[Event "BCF-chT2a 1516 (4NCL)"]
[Site "England"]
[Date "2016.01.23"]
[Round "3.215"]
[White "Davey, Mark"]
[Black "Paterson, Andrew I"]
[Result "1-0"]
[WhiteElo "2048"]
[BlackElo "2095"]
[PlyCount "59"]
[EventDate "2015.11.14"]
[EventType "team-tourn"]
[EventRounds "7"]
[EventCountry "ENG"]
[SourceTitle "CBM 170 Extra"]
[Source "ChessBase"]
[SourceDate "2016.02.25"]
[SourceVersion "1"]
[SourceVersionDate "2016.02.25"]
[SourceQuality "1"]
[WhiteTeam "Kings Head"]
[BlackTeam "Warwicks Select"]
[WhiteTeamCountry "ENG"]
[BlackTeamCountry "ENG"]

1. e4 c5 2. Nc3 Nc6 3. g3 g6 4. Bg2 Bg7 5. d3 d6 6. Nge2 Rb8 7. Nf4 b5 8. h4 b4 9. Ncd5 e6 10. Ne3 h5 11. 0-0 Nge7 12. a3 a5 13. Re1 0-0 14. Qd2 Nd4 15. Qd1 Nec6 16. axb4 axb4 17. Bd2 Nb5 18. Ra2 Bb7 19. Nc4 Qe7 20. Qa1 Ncd4 21. Qc1 b3 22. cxb3 Nxb3 23. Qd1 Nxd2 24. Qxd2 Ra8 25. Rea1 Nd4 26. Rxa8 Bxa8 27. Ra6 Rd8 28. Nxd6 Kh7 29. Nh3 Nc6 30. Ng5+ 1-0